How are we saved? : the understanding of salvation in the Orthodox tradition /

An easy-to-read, easy-to-understand presentation of the Orthodox Christian way of salvation based on Scripture, the early tradition of the ancient, undivided Church, and the Church Fathers. Excellent for personal reading and study groups.

Bibliographic Details
Main Author: Kallistos, Bishop of Diokleia, 1934-
Format: Book
Language:English
Published: Minneapolis, Minn. : Light & Life Pub., 1996.
Subjects:

MARC

Tag First Indicator Second Indicator Subfields
LEADER 00000cam a2200000 a 4500
001 in00002785769
005 20151202171720.0
008 960923s1996 mnu 000 0 eng
010 |a  96077370  
020 |a 1880971224 (pbk.) 
020 |a 9781880971222 (pbk.) 
035 |a (OCoLC)ocm37104269 
040 |a DLC  |b eng  |c DLC  |d BAKER  |d NLGGC  |d BTCTA  |d OCLCG  |d VLB  |d YDXCP  |d UtOrBLW 
049 |a TXAM 
050 0 0 |a BT751.2  |b .W375 1996 
082 0 0 |a 234/.088/219  |2 21 
084 |a 11.61  |2 bcl 
100 0 |a Kallistos,  |c Bishop of Diokleia,  |d 1934- 
245 1 0 |a How are we saved? :  |b the understanding of salvation in the Orthodox tradition /  |c by Kallistos Ware. 
264 1 |a Minneapolis, Minn. :  |b Light & Life Pub.,  |c 1996. 
300 |a 91 pages ;  |c 21 cm. 
336 |a text  |b txt  |2 rdacontent 
337 |a unmediated  |b n  |2 rdamedia 
338 |a volume  |b nc  |2 rdacarrier 
520 |a An easy-to-read, easy-to-understand presentation of the Orthodox Christian way of salvation based on Scripture, the early tradition of the ancient, undivided Church, and the Church Fathers. Excellent for personal reading and study groups. 
650 0 |a Salvation. 
610 0 |a Orthodox Eastern Church  |x Doctrines. 
650 1 7 |a Verlossing.  |2 gtt 
650 1 7 |a Orthodoxe kerken.  |2 gtt 
948 |a cataloged  |b h  |c 2012/12/12  |d c  |e ceaton  |f 1:56:37 pm 
994 |a C0  |b TXA 
999 |a MARS 
999 f f |s 2c799463-841a-3d6a-8586-a6527734bd75  |i 761cb5d9-3e85-3738-9675-4b3bc6a1c939  |t 0 
952 f f |p normal  |a Texas A&M University  |b College Station  |c Sterling C. Evans Library  |d Evans: Library Stacks  |t 0  |e BT751.2 .W375 1996  |h Library of Congress classification  |i unmediated -- volume  |m A14841623173 
998 f f |a BT751.2 .W375 1996  |t 0  |l Evans: Library Stacks